History Quiz

Random History or War Quiz

War Timeline Minefield Quiz Stats

 Plays Quiz Updated Feb 20, 2018

Also try: Country by Battle
Challenge
Share
Tweet
Embed
Score 0/15 Timer 03:00
93 Plays Today
% Correct
???
99.5%
???
82.3%
???
66.9%
???
56.6%
???
49%
???
43.4%
???
29%
???
26.7%
% Correct
???
25.9%
???
25.6%
???
24.8%
???
23.4%
???
22.6%
???
22.5%
???
22.5%

You're not logged in!

Compare scores with friends on all Sporcle quizzes.
OR
Log In

You Might Also Like...

Show Comments

Extras

Top Quizzes Today


Score Distribution

Your Account Isn't Verified!

In order to create a playlist on Sporcle, you need to verify the email address you used during registration. Go to your Sporcle Settings to finish the process.

Report this User

Report this user for behavior that violates our Community Guidelines.

Details: